[Event "Lille Luce op 5th"]
[Site "Lille"]
[Date "2014.04.30"]
[Round "3"]
[White "Shved, Vassili"]
[Black "Dumas, Victor"]
[Result "0-1"]
[WhiteElo "1518"]
[BlackElo "2082"]
[PlyCount "46"]
[EventDate "2014.04.28"]
[EventType "swiss"]
[EventRounds "9"]
[EventCountry "FRA"]
[SourceTitle "CBM 160 Extra"]
[Source "ChessBase"]
[SourceDate "2014.07.01"]
[SourceVersion "1"]
[SourceVersionDate "2014.07.01"]
[SourceQuality "1"]

1. e4 e5 2. d4 exd4 3. Qxd4 Nc6 4. Qe3 b6 5. Nc3 Bc5 6. Qg3 Nf6 7. Bc4 Qe7 8. Bg5 Nxe4 9. Bxe7 Nxg3 10. Bxc5 Nxh1 11. Be3 Bb7 12. Nf3 0-0-0 13. 0-0-0 Ne7 14. Rxh1 d5 15. Be2 Ng6 16. Rd1 f6 17. Nb5 Kb8 18. c4 a6 19. Nc3 dxc4 20. Bxc4 Rxd1+ 21. Kxd1 Rd8+ 22. Ke2 Re8 23. g3 Bxf3+ 0-1